00503 2200193 4500001002100000005001500021008004100036020001800077035001900095041000700114082001100121090001700132100002000149245006700169260003200236300002500268500000600293650001000299INLIS00000000000122420241224112317241224||||||||| | ||| |||| || |  a979-518-191-2 0010-1224001224 aid0 a343.01 a343.01 KAR h0 aG.Kartasapoetra00aHukum Tanah Jaminan UUPA Bagi Keberhasilan Pendayagunaan Tanah aJakartabRineka Ciptac1991 axii, 263 hlm,: 21 cm a2 0aHukum